| Tag |
First Indicator |
Second Indicator |
Subfields |
| LEADER |
00000cam a22000008a 4500 |
| 001 |
in00000014559 |
| 005 |
20151007052236.0 |
| 008 |
861020s1987 nyua b 00010 eng |
| 010 |
|
|
|a 86023906
|
| 020 |
|
|
|a 0889463778 (v. 4)
|
| 035 |
|
|
|a (OCoLC)14692184
|
| 035 |
|
|
|9 AAA6929AM
|
| 040 |
|
|
|a DLC
|c DLC
|d m/c
|d TXA
|d UtOrBLW
|
| 043 |
|
|
|a a-is---
|
| 049 |
|
|
|a TXAM
|c [A11047559]
|
| 050 |
0 |
0 |
|a DS110.C13
|b B55 1987
|
| 082 |
0 |
|
|a 933
|2 19
|
| 100 |
1 |
|
|a Blakely, Jeffrey A.,
|d 1952-
|
| 245 |
1 |
0 |
|a Caesarea Maritima :
|b the pottery and dating of vault 1 : horreum, Mithraeum, and later uses /
|c Jeffrey A. Blakely ; with contributions by Marvin E. Bennett [and others] ; Fred L. Horton, editor.
|
| 263 |
|
|
|a 8706
|
| 264 |
|
1 |
|a Lewiston, NY :
|b Edwin Mellen Press,
|c 1987.
|
| 300 |
|
|
|a xv, 268 pages :
|b illustrations
|
| 336 |
|
|
|a text
|b txt
|2 rdacontent
|
| 337 |
|
|
|a unmediated
|b n
|2 rdamedia
|
| 338 |
|
|
|a volume
|b nc
|2 rdacarrier
|
| 490 |
1 |
|
|a The Joint Expedition to Caesarea Maritima excavation reports ;
|v v. 4
|
| 504 |
|
|
|a Bibliography: page 268.
|
| 651 |
|
0 |
|a Caesarea (Israel)
|x Antiquities.
|
| 650 |
|
0 |
|a Excavations (Archaeology)
|z Israel
|z Caesarea.
|
| 650 |
|
0 |
|a Pottery, Ancient
|z Israel
|z Caesarea.
|
| 651 |
|
0 |
|a Israel
|x Antiquities.
|
| 700 |
1 |
|
|a Horton, Fred L.
|
| 830 |
|
0 |
|a Joint Expedition to Caesarea Maritima (Series).
|p Excavation reports ;
|v v. 4.
|
| 999 |
|
|
|a MARS
|
| 999 |
f |
f |
|s d634a692-8bef-3c9b-9143-afe40183020d
|i 4bfbb230-3ca8-3ba4-8e37-39cc761da990
|t 0
|
| 952 |
f |
f |
|p ric
|a Texas A&M University
|b Rellis Campus
|c Joint Library Facility
|d Remote Storage
|t 0
|e DS110.C13 B55 1987
|h Library of Congress classification
|i unmediated -- volume
|m A14811047559
|
| 998 |
f |
f |
|a DS110.C13 B55 1987
|t 0
|l Remote Storage
|